[Event "Polanica Zdroj op"]
[Site "Polanica Zdroj"]
[Date "1993.??.??"]
[Round "9"]
[White "Jasnikowski, Zbigniew"]
[Black "Pisulinski, Jan"]
[Result "1-0"]
[WhiteElo "2450"]
[BlackElo "2370"]

1.d4 Nf6 2.Nf3 e6 3.c4 b6 4.g3 Ba6 5.Nbd2 Bb4 6.Qc2 c5 7.Bg2 Bb7 8.dxc5 Bxc5
9.O-O Be7 10.b3 O-O 11.Bb2 d6 12.Bxf6 Bxf6 13.Ng5 Bxg5 14.Bxb7 Nd7 15.Bxa8 Qxa8
16.Ne4 Be7 17.Rad1 d5 18.cxd5 exd5 19.Qc7 dxe4 20.Rxd7 Bc5 21.Qxa7 e3 22.Qxa8 exf2+
23.Kg2 Rxa8 24.Rfd1 Rxa2 25.Rd8+ Bf8 26.Kxf2  1-0

[Event "Policka (Women)"]
[Site "Policka"]
[Date "1993.??.??"]
[Round "5"]
[White "Lymar, Irina"]
[Black "Grabuzova, Tatiana"]
[Result "1/2-1/2"]
[WhiteElo "2270"]
[BlackElo "2275"]

1.d4 e6 2.c4 b6 3.Nf3 Nf6 4.g3 Ba6 5.b3 Bb4+ 6.Bd2 Be7 7.Bg2 c6 8.Bc3 O-O
9.Nbd2 d5 10.Ne5 Nfd7 11.Nxd7 Nxd7 12.O-O Rc8 13.Re1 b5 14.e4 bxc4 15.bxc4 dxc4
16.Qa4 Bb5 17.Qc2 e5 18.a4 Ba6 19.Rad1 Qc7 20.Bf1 exd4 21.Bxd4 Ne5 22.Bxe5 Qxe5
23.Bxc4 Bxc4 24.Nxc4 Qe6 25.e5 Rfe8 26.Re3 Rcd8 27.Nd6 Bxd6 28.Rxd6 Rxd6
29.exd6 Qd7 30.Qf5 Re6 31.Rxe6 fxe6 32.Qc5 Kf7 33.a5 Kf6 34.f4 Qb7 35.Qg5+ Kf7
36.Qh5+ Kf6 37.Qxh7 Qb5 38.Qc2 Qd5 39.Qf2 Qd1+ 40.Kg2 Qd5+ 41.Kg1 Qd1+ 42.Kg2 Qd5+  1/2-1/2

[Event "Policka (Women)"]
[Site "Policka"]
[Date "1993.??.??"]
[Round "8"]
[White "Mozna Hojdarova, Eva"]
[Black "Grabuzova, Tatiana"]
[Result "0-1"]
[WhiteElo "2095"]
[BlackElo "2275"]

1.d4 e6 2.c4 b6 3.Nf3 Nf6 4.g3 Ba6 5.Qc2 c5 6.Bg2 Nc6 7.dxc5 Bxc5 8.O-O O-O
9.a3 Bb7 10.b4 Be7 11.Bb2 Rc8 12.Nc3 a5 13.b5 Nb8 14.Qd3 Qc7 15.Nd2 Bxg2
16.Kxg2 d6 17.Rac1 Nbd7 18.f4 Qb7+ 19.e4 Nc5 20.Qf3 Rfd8 21.Rfd1 d5 22.cxd5 exd5
23.exd5 Nxd5 24.Nxd5 Rxd5 25.Nf1 Rcd8 26.Rxd5 Rxd5 27.Be5 Qd7 28.g4 Nd3 29.Rc7 Ne1+
30.Kg3 Nxf3 31.Rxd7 Rxd7 32.Kxf3 Bxa3  0-1

[Event "Reykjavik op"]
[Site "Reykjavik"]
[Date "1993.??.??"]
[Round "4"]
[White "Karlsson, Agust S"]
[Black "Jonsson, Bjorgvin"]
[Result "1/2-1/2"]
[WhiteElo "2280"]
[BlackElo "2400"]

1.d4 Nf6 2.c4 e6 3.Nf3 b6 4.g3 Ba6 5.Qa4 c5 6.Bg2 Bb7 7.d5 exd5 8.cxd5 Bxd5
9.Nc3 Bc6 10.Qb3 Be7 11.Ne5 O-O 12.Nxc6 Nxc6 13.O-O Rc8 14.e4 d6 15.Qa4 Qd7
16.Rd1 Rfd8 17.Rb1 Ne5 18.Qxd7 Nexd7 19.Bf1 c4 20.Rd4 Ne5 21.Kg2 a6 22.a4 Nd3  1/2-1/2

[Event "Rostov"]
[Site "Rostov"]
[Date "1993.??.??"]
[Round "?"]
[White "Epishin, Vladimir"]
[Black "Razuvaev, Yuri S"]
[Result "1-0"]
[WhiteElo "2620"]
[BlackElo "2525"]

1.d4 Nf6 2.c4 e6 3.Nf3 b6 4.g3 Ba6 5.b3 Bb4+ 6.Bd2 Be7 7.Bg2 O-O 8.O-O d5
9.cxd5 exd5 10.Nc3 Bb7 11.Rc1 Nbd7 12.Bf4 c6 13.Ne5 Bb4 14.Bg5 Be7 15.f4 c5
16.e3 Re8 17.Qd3 cxd4 18.exd4 a6 19.Nd1 Ne4 20.Bxe7 Rxe7 21.Ne3 Ndf6 22.g4 Nd6
23.g5 Nfe4 24.Nc6 Bxc6 25.Rxc6 Nb5 26.Rfc1 g6 27.a4 Na7 28.R6c2 Qd6 29.Qxa6 Rd8
30.Qf1 b5 31.Ng4 Qb4 32.Qd3 bxa4 33.bxa4 Qxa4 34.Rc7 Qb4 35.Bxe4 dxe4 36.Qc3 Qxc3
37.R1xc3 Kf8 38.Rxe7 Kxe7 39.Rc7+ Rd7 40.Rxd7+ Kxd7 41.Kf2 Ke6 42.Ke3 Nb5
43.Kxe4 f5+ 44.gxf6 Nd6+ 45.Kd3 h5 46.Ne3 Kxf6 47.h4 Nf7 48.d5 Nd6 49.Kd4 Ke7
50.Kc5 Kd7 51.Kd4 Ke7 52.Ke5 Nf7+ 53.Ke4 Nd6+ 54.Kd4 Kd7 55.f5 gxf5 56.Ke5 Ne4
57.Nxf5 Nf2 58.Ne3 Nh1 59.Kf4 Nf2 60.Kg5 Kd6 61.Kxh5 Nd3 62.Kg5  1-0

[Event "Rostov op"]
[Site "Rostov"]
[Date "1993.??.??"]
[Round "?"]
[White "Savchenko, Stanislav"]
[Black "Anastasian, Ashot"]
[Result "1-0"]
[WhiteElo "2535"]
[BlackElo "2470"]

1.d4 Nf6 2.c4 e6 3.Nf3 b6 4.g3 Ba6 5.b3 Bb4+ 6.Bd2 Be7 7.Bg2 c6 8.Bc3 d5
9.Ne5 Nfd7 10.Nxd7 Nxd7 11.Nd2 O-O 12.O-O Rc8 13.e4 b5 14.Re1 bxc4 15.bxc4 dxc4
16.Qa4 Bb5 17.Qc2 e5 18.Nf3 Qc7 19.Nxe5 Nxe5 20.dxe5 Rcd8 21.Red1 Rd3 22.Bf1 Qd7
23.Bxd3 cxd3 24.Qb3 h5 25.Rac1 h4 26.Bb4 Bxb4 27.Qxb4 Qg4 28.Qd4 Qf3 29.Qe3 Qxe3
30.fxe3 hxg3 31.hxg3 a5 32.a4 Bxa4 33.Rxd3 Bb5 34.Rd6 Re8 35.e6 fxe6 36.Rcd1 a4
37.Rd8 Kf8 38.e5 Bc4 39.R1d7 Rxd8 40.Rxd8+ Kf7 41.Ra8 Bb3 42.Ra5 Kg6 43.e4 Kh5
44.Kf2 Kg4 45.Rc5 g5 46.Rxc6 a3 47.Ra6 a2 48.Ra3 Kh3 49.Kf3 Bd1+ 50.Ke3 Kxg3
51.Rxa2 Kh4 52.Rh2+ Kg4 53.Rd2 Ba4 54.Rd6 Bb3 55.Rb6 Ba2 56.Kd4  1-0

[Event "Rostov op"]
[Site "Rostov"]
[Date "1993.??.??"]
[Round "?"]
[White "Savchenko, Stanislav"]
[Black "Ionov, Sergey"]
[Result "1/2-1/2"]
[WhiteElo "2535"]
[BlackElo "2500"]

1.d4 Nf6 2.c4 e6 3.Nf3 b6 4.g3 Ba6 5.b3 d5 6.Bg2 Bb4+ 7.Bd2 Bxd2+ 8.Qxd2 O-O
9.O-O c6 10.Ne5 Nfd7 11.Nd3 Nf6 12.Qc3 Nbd7 13.Nd2 c5 14.dxc5 Nxc5 15.Nxc5 bxc5
16.cxd5 Nxd5 17.Qf3 Qa5 18.Ne4 c4 19.bxc4 Bxc4 20.Rfc1 Qa6 21.Bf1  1/2-1/2

[Event "San Martin"]
[Site "San Martin"]
[Date "1993.??.??"]
[Round "1"]
[White "Krogius, Nikolai V"]
[Black "Rubinetti, Jorge A"]
[Result "1/2-1/2"]
[WhiteElo "2465"]
[BlackElo "2455"]

1.Nf3 Nf6 2.c4 e6 3.d4 b6 4.g3 Ba6 5.b3 Bb7 6.Bg2 Bb4+ 7.Bd2 a5 8.O-O O-O
9.Bg5 Be7 10.Nc3 h6 11.Bxf6 Bxf6 12.e4 d6 13.e5 dxe5 14.dxe5 Be7 15.Qc2 Qc8
16.Rad1 Nc6 17.Nb5 Bc5 18.Qe2 a4 19.Ne1 axb3 20.axb3 Nb4 21.Bxb7 Qxb7 22.Rd7 Ra2
23.Qg4 Qc8 24.Rxc7 Qd8 25.Qf3 Rd2 26.Ra7 Qb8 27.Qe4 Rfd8 28.Nf3 R2d3 29.Rfa1 Rd1+
30.Rxd1 Rxd1+ 31.Kg2 Rd8 32.Qf4 Rf8 33.Qe4 Rd8 34.Qf4 Rf8 35.Rd7 Qa8 36.Qd2 Qe4
37.Nc3 Qa8 38.Qd1 Nc6 39.Kg1 Qc8 40.Nb5 Qb8 41.Qe2 Qa8 42.Rd1 Nb4 43.h4 Rd8
44.Rxd8+ Qxd8 45.Nc3 Qd3 46.Qxd3 Nxd3 47.Ne4 Ba3 48.Nc3 Bc5 49.Ne4 Ba3 50.Kf1 Bb2  1/2-1/2

[Event "SCO-ch100"]
[Site "?"]
[Date "1993.??.??"]
[Round "?"]
[White "Orr, Mark J L"]
[Black "McKay, Roderick M"]
[Result "1-0"]
[WhiteElo "2345"]
[BlackElo "2375"]

1.d4 Nf6 2.c4 e6 3.Nf3 b6 4.g3 Ba6 5.b3 d5 6.Bg2 Bb4+ 7.Bd2 Be7 8.Ne5 c6
9.O-O O-O 10.Bc3 Ne4 11.Bb2 f6 12.Nd3 f5 13.Ne5 Bb7 14.f3 Nf6 15.e4 Nbd7
16.Nd2 dxe4 17.Nxd7 Qxd7 18.fxe4 Ng4 19.Qe2 Bg5 20.Nf3 Be3+ 21.Kh1 c5 22.d5 fxe4
23.Ne5 Nxe5 24.Bxe5 Bg5 25.Bh3 e3 26.Kg1 Qe7 27.Bxe6+ Kh8 28.h4 Bh6 29.Qh5 e2
30.Rxf8+  1-0

[Event "Seefeld op"]
[Site "Seefeld"]
[Date "1993.??.??"]
[Round "3"]
[White "Lawitsch, Guenther"]
[Black "Pilz, Dieter"]
[Result "1/2-1/2"]
[WhiteElo "2150"]
[BlackElo "2250"]

1.d4 Nf6 2.c4 e6 3.Nf3 b6 4.g3 Ba6 5.b3 Bb4+ 6.Bd2 Be7 7.Bg2 c6 8.O-O O-O
9.Ne5 d5 10.Bc3 Nfd7  1/2-1/2

[Event "Seefeld op"]
[Site "Seefeld"]
[Date "1993.??.??"]
[Round "5"]
[White "Wiesbeck, Florian"]
[Black "Gerhold, Michael"]
[Result "0-1"]
[WhiteElo "1810"]
[BlackElo "2230"]

1.d4 Nf6 2.c4 e6 3.Nf3 b6 4.g3 Ba6 5.Qc2 Bb7 6.Bg2 Be7 7.Nc3 d5 8.cxd5 exd5
9.O-O O-O 10.Bg5 Nbd7 11.Rac1 c5 12.dxc5 bxc5 13.e3 Qa5 14.Qa4 Qb6 15.Qb5 Qxb5
16.Nxb5 Ba6 17.a4 Rfb8 18.Nc7 Bxf1 19.Bxf1 Bd6 20.Nxa8 Rxa8 21.Bb5 h6 22.Bxf6 Nxf6
23.Rd1 Rc8 24.Bc4 dxc4 25.Rxd6 Rb8 26.Rd2 Rb4 27.a5 Ne4 28.Rc2 c3 29.bxc3 Ra4
30.Ne5 Rxa5 31.Nc4 Ra4 32.Nd2 Nd6 33.c4 Kf8 34.Kf1 Ke7 35.Ke2 Kd7 36.h4 Ra3
37.Kd1 Kc6 38.Kc1 g6 39.Rb2 Kc7 40.Kc2 h5 41.Rb3 Ra4 42.Kc3 a5 43.Rb2 Rb4
44.Rxb4 cxb4+ 45.Kb3 Kc6 46.Nf3 Ne4 47.Ne5+ Kb6 48.Ka4 Nc5+  0-1

[Event "Sevilla op"]
[Site "Sevilla"]
[Date "1993.??.??"]
[Round "?"]
[White "Chernin, Alexander"]
[Black "Veingold, Aleksandr"]
[Result "1-0"]
[WhiteElo "2605"]
[BlackElo "2475"]

1.d4 Nf6 2.c4 e6 3.Nf3 b6 4.g3 Ba6 5.b3 Bb4+ 6.Bd2 Be7 7.Bg2 c6 8.Bc3 d5
9.Ne5 Nfd7 10.Nxd7 Nxd7 11.Nd2 O-O 12.O-O Rc8 13.e4 c5 14.exd5 exd5 15.dxc5 dxc4
16.c6 cxb3 17.Re1 Bb5 18.axb3 Bxc6 19.Bxc6 Rxc6 20.Rxa7 Bf6 21.Nc4 Bxc3 22.Rxd7 Qf6
23.Re4 Re6 24.Rf4 Qg6 25.Rdxf7 Qxf7 26.Rxf7 Rxf7 27.Qd8+ Rf8 28.Qd5 Rf6 29.Nd6 Bb4
30.Ne4  1-0

[Event "Sevilla op"]
[Site "Sevilla"]
[Date "1993.??.??"]
[Round "4"]
[White "Chernin, Alexander"]
[Black "Veingold, Aleksandr"]
[Result "1-0"]
[WhiteElo "2600"]
[BlackElo "2475"]

1.d4 Nf6 2.c4 e6 3.Nf3 b6 4.g3 Ba6 5.b3 Bb4+ 6.Bd2 Be7 7.Bg2 c6 8.O-O d5
9.Ne5 Nfd7 10.Nxd7 Nxd7 11.Bc3 O-O 12.Nd2 Rc8 13.e4 c5 14.exd5 exd5 15.dxc5 dxc4
16.c6 cxb3 17.Re1 Bb5 18.axb3 Bxc6 19.Bxc6 Rxc6 20.Rxa7 Bf6 21.Nc4 Bxc3 22.Rxd7 Qf6
23.Re4 Re6 24.Rf4 Qg6 25.Rdxf7 Qxf7 26.Rxf7 Rxf7 27.Qd8+ Rf8 28.Qd5 Rf6 29.Nd6 Bb4
30.Ne4 Kh8 31.Nxf6 Rxf6 32.Kg2 h6 33.Qd8+ Kh7 34.Qd3+ Kg8 35.f4 Bf8 36.Kf3 g6
37.b4 Kg7 38.b5 Bd6 39.Qc3  1-0

[Event "Sevilla op"]
[Site "Sevilla"]
[Date "1993.??.??"]
[Round "6"]
[White "Chernin, Alexander"]
[Black "Pogorelov, Ruslan"]
[Result "1/2-1/2"]
[WhiteElo "2600"]
[BlackElo "2400"]

1.d4 Nf6 2.Nf3 b6 3.c4 e6 4.g3 Ba6 5.b3 Bb4+ 6.Bd2 Be7 7.Bg2 c6 8.O-O O-O
9.Bc3 d5 10.Ne5 Nfd7 11.Nxd7 Nxd7 12.Nd2 Rc8 13.Re1 f5 14.Rc1 Qe8 15.Bb2 Qf7
16.e3 g5 17.Rc2 g4 18.Qc1 Nf6 19.Ba3 Ne4 20.Bxe7 Qxe7 21.Nb1 b5 22.Bf1 dxc4
23.Nd2 Ng5 24.bxc4  1/2-1/2

[Event "Sevilla op"]
[Site "Sevilla"]
[Date "1993.??.??"]
[Round "9"]
[White "Chernin, Alexander"]
[Black "Dolmatov, Sergey"]
[Result "1/2-1/2"]
[WhiteElo "2600"]
[BlackElo "2615"]

1.d4 Nf6 2.c4 e6 3.Nf3 b6 4.g3 Ba6 5.b3 Bb4+ 6.Bd2 Be7 7.Bg2 c6 8.Bc3 d5
9.Ne5 Nfd7 10.Nxd7 Nxd7 11.Nd2 O-O 12.O-O Rc8 13.e4 c5 14.exd5 exd5 15.dxc5 dxc4
16.c6 cxb3 17.Re1 Bb5 18.axb3 a5 19.Rc1 Bxc6 20.Bxg7 Kxg7 21.Rxc6 Rxc6 22.Bxc6  1/2-1/2

[Event "Hospitalet op"]
[Site "Sitges"]
[Date "1993.??.??"]
[Round "2"]
[White "Ruiz Diez, Julio Cesar"]
[Black "Solozhenkin, Evgeniy"]
[Result "0-1"]
[WhiteElo "2190"]
[BlackElo "2515"]

1.d4 Nf6 2.c4 e6 3.Nf3 b6 4.g3 Ba6 5.Qc2 c5 6.Bg2 Nc6 7.Qa4 Bb7 8.dxc5 Bxc5
9.O-O Rc8 10.Nc3 Be7 11.Bf4 Nh5 12.Rad1 Nxf4 13.gxf4 Qc7 14.e3 a6 15.Rd2 O-O
16.Rfd1 d6 17.b4 Nb8 18.c5 bxc5 19.bxc5 Qxc5 20.Ne4 Bxe4 21.Qxe4 d5 22.Qa4 g6
23.Ne5 Qb4 24.Rd4 Qxa4 25.Rxa4 Bf6 26.Bf1 Bxe5 27.fxe5 Rc6 28.f4 Rfc8 29.Rd2 Rb6
30.Kg2 Kf8 31.Kf3 Ke7 32.e4 dxe4+ 33.Kxe4 Rc3 34.Rd3 Rc1 35.Be2 Nd7 36.Kf3 Nc5  0-1

[Event "SLO-ch"]
[Site "?"]
[Date "1993.??.??"]
[Round "?"]
[White "Orel, Oskar"]
[Black "Jelen, Iztok"]
[Result "1-0"]
[WhiteElo "2335"]
[BlackElo "2390"]

1.d4 Nf6 2.Nf3 e6 3.c4 b6 4.g3 Ba6 5.Qc2 c5 6.Bg2 Nc6 7.dxc5 bxc5 8.O-O Be7
9.Qa4 Qa5 10.Qxa5 Nxa5 11.Ne5 Rc8 12.Na3 Bb7 13.Rd1 Bxg2 14.Kxg2 d6 15.Bd2 Nb7
16.Nd3 a6 17.Nb1 O-O 18.Nc3 Na5 19.b3 Nc6 20.f3 Rfd8 21.Rac1 h6 22.h4 Nd7
23.Be1 Nde5 24.Nxe5 Nxe5 25.Rd2 Nc6 26.Rcd1 Na5 27.g4 g5 28.Ne4 Nb7 29.e3 Rc6
30.hxg5 hxg5 31.f4 Kg7 32.Rd3 Kg6 33.Bc3 gxf4 34.exf4 f5 35.gxf5+ Kxf5 36.Kf3 Rg8
37.Rh1 Kg6 38.Rdd1 Kf7 39.Rh7+ Kf8 40.Nf6 Bxf6 41.Bxf6  1-0

[Event "SLO-ch"]
[Site "?"]
[Date "1993.??.??"]
[Round "?"]
[White "Osterman, Rudolf"]
[Black "Grosar, Aljosa"]
[Result "0-1"]
[WhiteElo "2415"]
[BlackElo "2470"]

1.d4 Nf6 2.c4 e6 3.Nf3 b6 4.g3 Ba6 5.b3 b5 6.Bg2 bxc4 7.Ne5 Bb4+ 8.Kf1 d5
9.bxc4 O-O 10.c5 Nfd7 11.Nxd7 Qxd7 12.a3 Ba5 13.Bf3 Nc6 14.Kg2 Rab8 15.e3 Bc4
16.Bd2 Rb7 17.Qc1 Rfb8 18.Bxa5 Nxa5 19.Nd2 Nb3 20.Nxb3 Rxb3 21.Qd2 Qb5 22.Rhc1 Rb2
23.Qe1 f5 24.h4 Bd3 25.Kg1 Be4 26.Bd1 Qd3 27.f3 Rd2 28.fxe4 Rbb2 29.Bf3 dxe4
30.Bh1 Re2 31.Qc3 Qxe3+ 32.Qxe3 Rxe3 33.Rab1 Rxg3+ 34.Kf1 Rh2  0-1

[Event "Sochi"]
[Site "Sochi"]
[Date "1993.??.??"]
[Round "?"]
[White "Brodsky, Michail"]
[Black "Aseev, Konstantin N"]
[Result "1/2-1/2"]
[WhiteElo "2515"]
[BlackElo "2490"]

1.d4 Nf6 2.c4 e6 3.Nf3 b6 4.g3 Ba6 5.b3 Bb4+ 6.Bd2 Be7 7.Bg2 d5 8.cxd5 exd5
9.Nc3 O-O 10.O-O Bb7 11.Rc1 Nbd7 12.Bf4  1/2-1/2

[Event "Sochi"]
[Site "Sochi"]
[Date "1993.??.??"]
[Round "?"]
[White "Brodsky, Michail"]
[Black "Shmuter, Leonid"]
[Result "1/2-1/2"]
[WhiteElo "2515"]
[BlackElo "2455"]

1.d4 Nf6 2.c4 e6 3.Nf3 b6 4.g3 Ba6 5.b3 Bb4+ 6.Bd2 Be7 7.Bg2 d5 8.cxd5 exd5
9.Nc3 O-O 10.O-O Nbd7 11.Ne5  1/2-1/2

[Event "Sochi"]
[Site "Sochi"]
[Date "1993.??.??"]
[Round "?"]
[White "Neverov, Valeriy"]
[Black "Arkhipov, Sergey"]
[Result "1-0"]
[WhiteElo "2535"]
[BlackElo "2520"]

1.d4 Nf6 2.c4 e6 3.Nf3 b6 4.g3 Ba6 5.b3 Bb4+ 6.Bd2 Be7 7.Bg2 c6 8.Bc3 d5
9.Ne5 Nfd7 10.Nxd7 Nxd7 11.Nd2 O-O 12.O-O Rc8 13.e4 c5 14.exd5 exd5 15.dxc5 dxc4
16.c6 cxb3 17.Re1 Bb5 18.axb3 Bxc6 19.Bxc6 Rxc6 20.Rxa7 Bf6 21.Bxf6 Nxf6
22.Nc4 Re6 23.Rb7 Rfe8 24.Rf1 Ne4 25.Qxd8 Rxd8 26.Re1 Kf8 27.Kg2 Rde8 28.Rxb6 Rxb6
29.Nxb6 Re6 30.Nc4 Ke7 31.b4 Nc3 32.Rxe6+ Kxe6 33.Kf3 h5 34.h4 g6 35.Ne3 Ke5
36.Nc4+ Kd5 37.Ne3+ Kd4 38.Kf4 f6 39.Nc2+ Kc4 40.Ke3 Nd5+ 41.Ke4 Nc3+ 42.Kf3 Kb3
43.Nd4+ Kxb4 44.Nc6+ Kc5 45.Ne7 g5 46.Ng8 gxh4 47.gxh4 f5 48.Kf4 Kd4 49.Ne7 Kd3
50.Kxf5 Ke2 51.f4 Kf3 52.Ke5 Ne4 53.f5 Nc5 54.f6 Nd7+ 55.Kf5 Kg3 56.Ng6  1-0

[Event "Sochi"]
[Site "Sochi"]
[Date "1993.??.??"]
[Round "?"]
[White "Neverov, Valeriy"]
[Black "Aseev, Konstantin N"]
[Result "0-1"]
[WhiteElo "2535"]
[BlackElo "2490"]

1.d4 Nf6 2.c4 e6 3.Nf3 b6 4.g3 Ba6 5.b3 Bb4+ 6.Bd2 Be7 7.Bg2 d5 8.cxd5 exd5
9.O-O O-O 10.Nc3 Bb7 11.Qc2 Na6 12.Rad1 Qc8 13.Bg5 Re8 14.Ne5 c5 15.Qb2 Nc7
16.e3 Qf5 17.f4 Rad8 18.Kh1 Qc8 19.Bf3 cxd4 20.exd4 Ne4 21.Bxe7 Rxe7 22.Rc1 f6
23.Bg4 Qa8 24.Nf3 Ne8 25.Nh4 N8d6 26.Nf5 Nxf5 27.Bxf5 Rde8 28.Kg1 Qd8 29.Rfe1 g6
30.Bg4 h5 31.Be2 Nxc3 32.Rxc3 Ba6 33.Rc2 Qd7 34.b4 Bc4 35.Rxc4 dxc4 36.Bxc4+ Kg7
37.Rxe7+ Qxe7  0-1

[Event "FRM-ch"]
[Site "Struga"]
[Date "1993.??.??"]
[Round "7"]
[White "Kutirov, Rolando"]
[Black "Andonovski, Ljubisa"]
[Result "1-0"]
[WhiteElo "2340"]
[BlackElo "2265"]

1.d4 Nf6 2.c4 e6 3.Nf3 b6 4.g3 Ba6 5.Nbd2 Bb4 6.Qc2 Bb7 7.Bg2 Be4 8.Qb3 Qe7
9.O-O Bxd2 10.Bxd2 O-O 11.Rfd1 d6 12.Rac1 Nbd7 13.Qa3 a5 14.Ne5 Bxg2 15.Kxg2 Qe8
16.Nxd7 Nxd7 17.Qf3 Ra7 18.Be3 Nb8 19.c5 bxc5 20.dxc5 d5 21.c6 Ra6 22.Bc5 Nxc6
23.Bxf8 Qxf8 24.Rc3 h6 25.Qf4 e5 26.Qf5 Qa8 27.Kg1 Qe8 28.Rxd5 Nd4 29.Qe4 f5
30.Rxe5 Qa4 31.Qd5+  1-0

[Event "FRM-ch"]
[Site "Struga"]
[Date "1993.??.??"]
[Round "11"]
[White "Zahariev, Pance"]
[Black "Vasovski, Nikola"]
[Result "1/2-1/2"]
[WhiteElo "2320"]
[BlackElo "2295"]

1.d4 Nf6 2.c4 e6 3.Nf3 b6 4.g3 Ba6 5.Qc2 Bb7 6.Bg2 Bb4+ 7.Bd2 Bxd2+ 8.Nbxd2 d6
9.O-O Nbd7 10.e4 e5 11.d5 a5 12.b3 O-O 13.a3 Qe7 14.b4 axb4 15.axb4 Rfe8
16.Rfc1 Qf8 17.Ne1 Rxa1 18.Rxa1 Ra8 19.Ra4 Rxa4 20.Qxa4 Qa8 21.Qxa8+ Bxa8
22.Nd3 Bb7 23.f4 Kf8 24.Bh3 c6 25.Kf2 Ke7 26.Ke3 h6 27.Nb2  1/2-1/2

[Event "SWE-chT 9394"]
[Site "SWE"]
[Date "1993.??.??"]
[Round "3"]
[White "Ingbrandt, Johan"]
[Black "Astrom, Robert"]
[Result "1/2-1/2"]
[WhiteElo "2345"]
[BlackElo "2305"]

1.d4 Nf6 2.c4 e6 3.Nf3 b6 4.g3 Ba6 5.Nbd2 d5 6.cxd5 exd5 7.Bg2 Be7 8.O-O O-O
9.Ne5 c5 10.dxc5 Bxc5 11.Nb3 Re8 12.Nd3 Nbd7 13.Bg5 h6 14.Bxf6 Nxf6 15.Rc1 Rc8
16.Re1 Qd6 17.e3 Ne4 18.Nbxc5 bxc5 19.Nf4 Bb7 20.Qb3 Ba8 21.Red1 d4 22.exd4 cxd4
23.Qa4 Ng5 24.Bxa8 Rxa8 25.Qc6 Qb4 26.h4 Ne4 27.Nd3 Qa5 28.Re1 Nf6 29.Qc4 Rad8
30.b4 Rxe1+ 31.Rxe1 Qf5 32.Ne5 Ng4 33.Nxg4 Qxg4 34.Qd3 Qd7 35.Re5 Qd6 36.Rc5 a5
37.a3  1/2-1/2

[Event "SWZ-chT"]
[Site "?"]
[Date "1993.??.??"]
[Round "?"]
[White "Sutter, Oliver"]
[Black "Vulevic, Vjekoslav"]
[Result "0-1"]
[WhiteElo "2245"]
[BlackElo "2325"]

1.d4 Nf6 2.c4 e6 3.Nf3 b6 4.g3 Ba6 5.Nbd2 Bb7 6.Bg2 c5 7.e4 cxd4 8.e5 Ng4
9.O-O f5 10.exf6 Nxf6 11.Nxd4 Bxg2 12.Kxg2 Be7 13.Qe2 O-O 14.b3 Qc8 15.Bb2 Na6
16.Rad1 Nc5 17.N2f3 Qb7 18.Kg1 a6 19.Ne5 Rae8 20.f3 Bd8 21.Ba3 d6 22.Nd3 Qc8
23.b4 Nb7 24.Nf2 e5 25.Nc2 b5 26.cxb5 axb5 27.Ne3 Qc6 28.Rc1 Qd7 29.Rfd1 d5
30.Nxd5 Nxd5 31.Qd3 Bb6 32.Qxd5+ Qxd5 33.Rxd5 Rxf3 34.Rxb5 Bxf2+ 35.Kg2 Rxa3
36.Rxb7 Rxa2 37.Kh3 e4 38.Rcc7 Bb6 39.b5 e3  0-1

[Event "Szeged op"]
[Site "Szeged"]
[Date "1993.??.??"]
[Round "1"]
[White "Blazsik, Zoltan"]
[Black "Fokin, Sergey"]
[Result "1/2-1/2"]
[WhiteElo "2065"]
[BlackElo "2400"]

1.d4 Nf6 2.c4 e6 3.Nf3 b6 4.g3 Ba6 5.b3 d5 6.Nbd2 c6 7.Bg2 Be7 8.O-O O-O
9.Ne5 Nfd7 10.e4 Nxe5 11.dxe5 dxc4 12.Nxc4 Bxc4 13.bxc4 Qxd1 14.Rxd1 Na6
15.Rd7 Bb4 16.Bg5 Rfc8 17.Rad1 Nc5 18.R7d6 Bc3 19.f4 h6 20.Rd8+ Rxd8 21.Bxd8 Nb7
22.Be7 c5 23.Rd7 Bd4+ 24.Kh1 Na5 25.Bf1 Nc6 26.Kg2 Nxe7 27.Rxe7 Kf8 28.Rb7  1/2-1/2

[Event "Ticino op"]
[Site "Ticino"]
[Date "1993.??.??"]
[Round "5"]
[White "Zueger, Beat"]
[Black "Rodriguez, Amador"]
[Result "1/2-1/2"]
[WhiteElo "2395"]
[BlackElo "2490"]

1.c4 Nf6 2.d4 e6 3.Nf3 b6 4.g3 Ba6 5.b3 Bb7 6.Bg2 Bb4+ 7.Bd2 Be7 8.Nc3 O-O
9.O-O Na6 10.Bc1 d5 11.cxd5 exd5 12.Bb2 c5 13.Rc1 Rc8 14.Bh3  1/2-1/2

[Event "Werfen op"]
[Site "Werfen"]
[Date "1993.??.??"]
[Round "7"]
[White "Usachyi, Mark"]
[Black "Assmann, Thomas"]
[Result "1/2-1/2"]
[WhiteElo "2305"]
[BlackElo "2355"]

1.c4 Nf6 2.d4 e6 3.Nf3 b6 4.g3 Ba6 5.Qc2 c5 6.Bg2 Bb7 7.O-O cxd4 8.Nxd4 Bxg2
9.Kxg2 Qc7 10.Rd1 Be7 11.e4 a6 12.b3 O-O 13.Nc3 Rc8 14.Bf4 d6 15.Nde2 Nbd7
16.Rac1 Ne8 17.Qd2 Qb7 18.f3 b5 19.cxb5 axb5 20.a4 Nc5 21.Rb1 bxa4 22.bxa4 Qd7
23.Nb5 Rxa4 24.Nxd6 Bxd6 25.Bxd6 Qxd6 26.Qxd6 Nxd6 27.Rxd6 Rc4 28.Rc6 Nd7
29.Rxc4 Rxc4 30.Rb7 Nf8 31.Kf2 g5 32.Ke3 Rc2 33.h4 h6 34.h5 Ra2 35.e5 Ra1
36.Rc7 Rh1 37.g4 Rd1 38.Nc3 Re1+ 39.Kd4 Rf1 40.Ke3  1/2-1/2

[Event "Wiesbaden op"]
[Site "Wiesbaden"]
[Date "1993.??.??"]
[Round "6"]
[White "Kallai, Gabor"]
[Black "Lobron, Eric"]
[Result "1/2-1/2"]
[WhiteElo "2460"]
[BlackElo "2575"]

1.d4 Nf6 2.c4 e6 3.Nf3 b6 4.g3 Ba6 5.b3 b5 6.cxb5 Bxb5 7.Bg2 Bb4+ 8.Bd2 a5
9.O-O O-O 10.a3 Bxd2 11.Qxd2 Bc6 12.Rc1 Qc8 13.Nc3 Qb7 14.Rab1 Rc8 15.Qd3 h6
16.Ne1 Bxg2 17.Nxg2 d5 18.Na4 Nbd7 19.Ne1 Qa7 20.e3 c6 21.Qc2 e5 22.dxe5 Nxe5
23.Nc5 Qe7 24.Qf5 Re8 25.Nf3 Nxf3+ 26.Qxf3 Rab8 27.Qf4 Rb5 28.Qd4 Nh7 29.h4 Nf8
30.b4 axb4 31.Rxb4 Rxb4 32.Qxb4 Ne6 33.Nd3 Qa7 34.Rxc6 d4 35.e4 Qa8 36.Qb5 Qxa3
37.Ra6 Qe7 38.Qa4 Rb8 39.Ra7 Qf6 40.Ra8  1/2-1/2

[Event "Wiesbaden op"]
[Site "Wiesbaden"]
[Date "1993.??.??"]
[Round "7"]
[White "Grabliauskas, Virginijus"]
[Black "Doery, Jeno"]
[Result "1/2-1/2"]
[WhiteElo "2300"]
[BlackElo "2320"]

1.d4 Nf6 2.c4 e6 3.Nf3 b6 4.g3 Ba6 5.b3 Bb4+ 6.Bd2 Be7 7.Bg2 c6 8.Bc3 d5
9.Ne5 Nfd7 10.Nxd7 Nxd7 11.Nd2 O-O 12.O-O Rc8 13.e4 b5 14.Re1 dxe4 15.Bxe4 c5
16.cxb5 Bxb5 17.d5 exd5 18.Bxd5 Bf6 19.Ne4 Bxc3 20.Nxc3 Ba6 21.Bg2 Qa5 22.Nd5 Kh8
23.Re7 Rcd8 24.Qe1 Qa3 25.Qc3 Nb6 26.Nxb6 axb6 27.Ra7 b5 28.Re1 c4 29.Bb7 Rd6
30.Rxa6 Rxa6 31.Bxa6 Qxa6 32.Qb4 Kg8 33.bxc4 bxc4 34.a4 g6 35.Re7 Rc8 36.Re3 Ra8
37.a5 Qxa5 38.Re8+ Kg7 39.Qf8+ Kf6 40.Qd6+ Kg7 41.Qf8+ Kf6 42.Qh8+ Kf5 43.Rxa8 Qe1+
44.Kg2 Qe4+ 45.Kh3 Qg4+ 46.Kg2 Qe4+ 47.Kf1 Qb1+ 48.Ke2 Qc2+ 49.Ke1 Qc1+ 50.Ke2 Qc2+
51.Kf1 Qb1+  1/2-1/2

[Event "Wiesbaden op"]
[Site "Wiesbaden"]
[Date "1993.??.??"]
[Round "8"]
[White "Kallai, Gabor"]
[Black "Vuckovic, Aleksandar"]
[Result "1-0"]
[WhiteElo "2460"]
[BlackElo "2300"]

1.d4 Nf6 2.Nf3 e6 3.c4 b6 4.g3 Ba6 5.Qa4 Bb7 6.Bg2 Be7 7.Nc3 O-O 8.O-O d5
9.cxd5 Nxd5 10.Nxd5 Bxd5 11.Bf4 Nd7 12.Rfd1 c5 13.Ne5 Nxe5 14.dxe5 Qe8 15.Qxe8 Rfxe8
16.Bxd5 exd5 17.Rxd5 f6 18.Rad1 f5 19.h4 h6 20.h5 Kf7 21.Kg2 Rad8 22.Rxd8 Rxd8
23.Rxd8 Bxd8 24.Kf3 Ke6 25.e4 Bg5 26.exf5+ Kxf5 27.g4+ Ke6 28.Bxg5 hxg5 29.Ke4 b5
30.f4 gxf4 31.Kxf4 c4 32.g5  1-0

[Event "Wijk m"]
[Site "Wijk aan Zee"]
[Date "1993.??.??"]
[Round "2"]
[White "Hansen, Curt"]
[Black "Lobron, Eric"]
[Result "1/2-1/2"]
[WhiteElo "2610"]
[BlackElo "2620"]

1.d4 Nf6 2.Nf3 e6 3.c4 b6 4.g3 Ba6 5.b3 b5 6.cxb5 Bxb5 7.Bg2 Bb4+ 8.Bd2 a5
9.O-O O-O 10.Bg5 d5 11.a3 Be7 12.Nc3 Ba6 13.Ne5 Nfd7 14.Bxe7 Qxe7 15.Nxd7 Nxd7
16.Re1 c6 17.e4 Qd6 18.Qc2 Rfc8 19.Na4 Rab8 20.Nc5 Nxc5 21.dxc5 Qc7 22.Qc3 Rd8
23.Rad1 h6 24.h4 Bb5 25.Kh2 dxe4 26.Bxe4 a4 27.b4 Rd7 28.Rxd7 Qxd7 29.Bc2 Rd8
30.Qf3 Qe7 31.Rd1 Rd5 32.Be4 Rxd1 33.Qxd1 Qf6 34.Kg2 g6 35.Qd6 Qa1 36.Bd3 Bxd3
37.Qxd3 Kg7 38.Qf3 e5 39.Qxc6 Qxa3 40.Qd5 Qc3 41.c6 e4 42.b5 e3 43.fxe3 a3
44.Kh3 Qa1 45.c7 a2 46.c8=Q Qf1+ 47.Qg2 a1=Q 48.Qc6 Qf5+ 49.Kh2 Qae5 50.b6 Qg4
51.Qh3 Qb2+ 52.Qhg2 Qe5 53.Qh3 Qb2+ 54.Qhg2 Qe5  1/2-1/2

[Event "Wohlen op"]
[Site "Wohlen"]
[Date "1993.??.??"]
[Round "5"]
[White "Buehler, Bernd"]
[Black "Jurek, Josef"]
[Result "1-0"]
[WhiteElo "2160"]
[BlackElo "2280"]

1.d4 Nf6 2.Nf3 e6 3.c4 b6 4.g3 Ba6 5.b3 Bb4+ 6.Bd2 Be7 7.Bg2 c6 8.O-O O-O
9.Qc2 d5 10.Rd1 Nbd7 11.Bf4 Rc8 12.cxd5 cxd5 13.Qb2 Ne4 14.b4 Bc4 15.Bf1 b5
16.Nbd2 Nb6 17.Nxe4 dxe4 18.Ne1 g5 19.Bd2 f5 20.Ng2 Qd6 21.Ne3 Bf6 22.Nxc4 Nxc4
23.Qb3 Rf7 24.e3 Rfc7 25.a4 a6 26.axb5 axb5 27.Be1 Kg7 28.Ra2 Qd5 29.Qb1 Kg6
30.Qa1 h5 31.Ra7 Rxa7 32.Qxa7 Ra8 33.Qc5 Ra6 34.Bxc4 bxc4 35.b5 Ra8 36.Rb1 Rb8
37.Ba5 Rb7 38.b6 Kf7 39.Rb5 Bd8 40.Qxd5 exd5 41.Rxd5 Bxb6 42.Rxf5+ Ke6 43.Rb5 Bxa5
44.Rxb7 c3 45.Rb5  1-0